Goodfellas Τα καλά παιδιά
Η αληθινή ιστορία ενός γκάνγκστερ του Μπρούκλιν, που ξεκίνησε το 1950 ως παιδί για θελήματα της μαφίας και εξελίχθηκε σε αδίστακτο εγκληματία.
Αποθηκεύτηκε σε:
| Άλλοι συγγραφείς: | , , , |
|---|---|
| Μορφή: | |
| Γλώσσα: | English Multiple |
| Δημοσίευση: |
Αθήνα :
Audio Visual Enterprises [Εταιρεία διανομής],
c2005.
|
| Έκδοση: | 2-disc ειδική έκδοση. |
| Θέματα: | |
| Ετικέτες: |
Προσθήκη ετικέτας
Δεν υπάρχουν, Καταχωρήστε ετικέτα πρώτοι!
|
MARC
| LEADER | 00000cgm a2200000 i 4500 | ||
|---|---|---|---|
| 001 | 1/3763 | ||
| 008 | 100128s2005 gr ||| | || ||eng|| | ||
| 035 | |l 10106492 | ||
| 040 | |a GR-MyUa |b gre |e AACR2 | ||
| 041 | 1 | |a eng |j mul | |
| 082 | 7 | |a 791.437 |2 (22) | |
| 245 | 0 | 0 | |a Goodfellas |h [μαγνητοσκόπηση] = |b Τα καλά παιδιά / |c directed by Martin Scorsese. |
| 246 | 1 | |i Παράλληλος τίτλος: |a Τα καλά παιδιά | |
| 250 | |a 2-disc ειδική έκδοση. | ||
| 260 | |a Αθήνα : |b Audio Visual Enterprises [Εταιρεία διανομής], |c c2005. | ||
| 300 | |a 2 βιντεοδίσκοι (139 λεπτ.) : |b ομίλ., έγχρ. ; |c 4 3/4 ίν. | ||
| 500 | |a Κυκλοφόρησε πρώτη φορά ως κινηματογραφική ταινία το 1990. | ||
| 505 | 8 | |a Disc 1 Η ταινία -- disc 2 Πρόσθετες παροχές. | |
| 508 | |a Μοντάζ, Thelma Schoonmaker ; σχεδιασμός παραγωγής, Kristi Zea ; διεύθυνση φωτογραφίας, Michael Ballhaus ; εκτέλεση παραγωγής, Barbara De Fina ; βασισμένο στο βιβλίο "Wiseguy" του Nicholas Pileggi ; σενάριο, Nicholas Pileggi & Martin Scorsese ; παραγωγή, Irwin Winkler. | ||
| 511 | 0 | |a Robert De Niro, Ray Liotta, Joe Pesci, Lorraine Bracco, Paul Sorvino. | |
| 520 | 8 | |a Η αληθινή ιστορία ενός γκάνγκστερ του Μπρούκλιν, που ξεκίνησε το 1950 ως παιδί για θελήματα της μαφίας και εξελίχθηκε σε αδίστακτο εγκληματία. | |
| 546 | |a Στα αγγλικά με υπότιτλους στα ελληνικά. | ||
| 600 | 1 | 0 | |a Hill, Henry, |d 1943-2012 |v Drama. |
| 655 | 7 | |a Feature films |2 lcgft | |
| 700 | 1 | |a Scorsese, Martin, |e drt | |
| 700 | 1 | |a Liotta, Ray, |e act | |
| 700 | 1 | |a Pesci, Joe, |e act | |
| 700 | 1 | |a De Niro, Robert, |e act | |
| 852 | |a INST |b SYROS |c AV |e 20100128 |h 791.437 SCO |p 005500007892 |q 005500007892 |t DVD |y 23 |z Disc.2 | ||
| 852 | |a INST |b SYROS |c AV |e 20100128 |h 791.437 SCO |p 005500007893 |q 005500007893 |t DVD |y 23 |z Disc.1 | ||
| 852 | |a INST |b SYROS |c AV |e 20100128 |h 791.437 SCO |p 005500007892 |q 005500007892 |t DVD |v Disc.2: |y 23 |z Disc.2 | ||
| 852 | |a INST |b SYROS |c AV |e 20100128 |h 791.437 SCO |p 005500007893 |q 005500007893 |t DVD |v Disc.1: |y 23 |z Disc.1 | ||
| 853 | |a INST |b SYROS |c AV |h 791.437 SCO | ||
| 901 | |a BIBL5-2008-1 | ||
| 922 | |a 5ΕΛΗ |b 200709 |c Βιβλιοθήκη Σύρου |d Anaco | ||
| 970 | |a Κοντού |b Παρασκευή |z 28/01/2010 | ||